| 000 | 00697cam a22002051 4500 | ||
|---|---|---|---|
| 001 | af 48002218 | ||
| 003 | DLC | ||
| 005 | 20260227110854.0 | ||
| 008 | 890508s1946 gw a 000 0 ger c | ||
| 010 | _aaf 48002218 | ||
| 035 | _a(OCoLC)19678590 | ||
| 040 |
_aYale Univ. Library _cCU _dDLC |
||
| 042 | _apremarc | ||
| 050 | 0 | 0 |
_aPT2623.U435 _bH6 |
| 100 | 1 | _aLück, Alfred. | |
| 245 | 1 | 4 |
_aDas hölzerne Wunder; _bGeschichten und Gedichte von Liebe und Leid. |
| 260 |
_aKreuztal, _bJung-Stilling-Verlag, _c1946. |
||
| 300 |
_a78 p. _billus. _c19 cm. |
||
| 505 | 0 | _aDas hölzerne Wunder.--Der Träumer.--Die rote Marie.--Das Christkind im Tunnel.--Am alten Littfelder Mühlenteich.--Die Gnadenglocke. | |
| 999 |
_c4927 _d4927 |
||